Maintenance chemical specialities (Record no. 26919)

MARC details
000 -LEADER
fixed length control field 00288nam a2200109Ia 4500
082 ## - DEWEY DECIMAL CLASSIFICATION NUMBER
Classification number 667
Item number HAC
100 ## - MAIN ENTRY--AUTHOR NAME
Personal name Hackett, Walter J
245 #0 - TITLE STATEMENT
Title Maintenance chemical specialities
260 ## - PUBLICATION, DISTRIBUTION, ETC. (IMPRINT)
Place of publication New York
Name of publisher Chemical Publishing
Year of publication 1972
942 ## - ADDED ENTRY ELEMENTS (KOHA)
Koha item type Books
Holdings
Withdrawn status Lost status Damaged status Not for loan Home library Current library Date acquired Cost, normal purchase price Full call number Accession Number Koha item type
        RRII Library RRII Library 16/12/2021 16.50 667 HAC 07550 Books